| 000 | 00378nam a22001337a 4500 | ||
|---|---|---|---|
| 082 | _aP-741 | ||
| 100 |
_aCapt Abdullah Ifzal _951216 |
||
| 245 |
_aParking Analysis of Saddar Area in Peshawar _cCapt Abdullah Ifzal |
||
| 260 |
_aRisalpur, _bMCE, _c2017 |
||
| 300 |
_a80p _bNil |
||
| 526 |
_a0 _b0 _c0 _dP_741 |
||
| 700 |
_aLt Col Dr Muhammad Bilal Khurshid _948120 |
||
| 942 |
_2ddc _cBK |
||
| 999 |
_c553963 _d553963 |
||